<?xml version="1.0" encoding="UTF-8"?>
<record
    xmlns:xsi="http://www.w3.org/2001/XMLSchema-instance"
    xsi:schemaLocation="http://www.loc.gov/MARC21/slim http://www.loc.gov/standards/marcxml/schema/MARC21slim.xsd"
    xmlns="http://www.loc.gov/MARC21/slim">

  <leader>01636nam a22002057a 4500</leader>
  <controlfield tag="003">OSt</controlfield>
  <controlfield tag="005">20260327104256.0</controlfield>
  <controlfield tag="008">260327b        |||||||| |||| 00| 0 ESP d</controlfield>
  <datafield tag="082" ind1=" " ind2=" ">
    <subfield code="a">13 9788491130765</subfield>
  </datafield>
  <datafield tag="100" ind1=" " ind2=" ">
    <subfield code="a">Patrick R. Murray, Ken S. Rosenthal y Michael A. Pfaller.</subfield>
  </datafield>
  <datafield tag="245" ind1=" " ind2=" ">
    <subfield code="a">Microbiolog&#xED;a m&#xE9;dica (8&#xAA; edici&#xF3;n)</subfield>
  </datafield>
  <datafield tag="250" ind1=" " ind2=" ">
    <subfield code="a">8VA EDICION </subfield>
  </datafield>
  <datafield tag="260" ind1=" " ind2=" ">
    <subfield code="a">Barcelona, Espa&#xF1;a.</subfield>
    <subfield code="b"> Elsevier Espa&#xF1;a, S.L.U.</subfield>
    <subfield code="c">24 de abril de 2017.</subfield>
  </datafield>
  <datafield tag="300" ind1=" " ind2=" ">
    <subfield code="a"> 848 p&#xE1;ginas.</subfield>
    <subfield code="c">27,6 cm X 21,6 cm</subfield>
    <subfield code="e">Tapa blanda </subfield>
  </datafield>
  <datafield tag="490" ind1=" " ind2=" ">
    <subfield code="3">Tapa blanda (R&#xFA;stica).</subfield>
  </datafield>
  <datafield tag="520" ind1=" " ind2=" ">
    <subfield code="a">Se divide principalmente en cuatro grandes bloques: bacteriolog&#xED;a, virolog&#xED;a, micolog&#xED;a (hongos) y parasitolog&#xED;a. Lo que lo hace especial es su enfoque pr&#xE1;ctico y cl&#xED;nico:
Relaci&#xF3;n Hu&#xE9;sped-Par&#xE1;sito: No solo describe al "bicho", sino que explica c&#xF3;mo interact&#xFA;a con el sistema inmune humano y el papel del microbioma (las bacterias buenas que ya tenemos).
Casos Cl&#xED;nicos: Cada secci&#xF3;n suele empezar con la historia de un paciente real, lo que ayuda a entender los s&#xED;ntomas y el diagn&#xF3;stico en un contexto m&#xE9;dico, no solo de laboratorio.
Diagn&#xF3;stico y Tratamiento: Detalla las t&#xE9;cnicas actuales para identificar pat&#xF3;genos y los f&#xE1;rmacos (antibi&#xF3;ticos, antivirales) que se usan para combatirlos.
Res&#xFA;menes Visuales: Utiliza muchas fotos a color, tablas comparativas y cuadros de "conceptos clave" para que los puntos m&#xE1;s importantes sean f&#xE1;ciles de memorizar antes de un examen.</subfield>
  </datafield>
  <datafield tag="650" ind1=" " ind2=" ">
    <subfield code="a">Microbiolog&#xED;a m&#xE9;dica</subfield>
    <subfield code="x">Diagn&#xF3;stico</subfield>
    <subfield code="y">Inmunolog&#xED;a </subfield>
    <subfield code="v">Casos cl&#xED;nicos</subfield>
  </datafield>
  <datafield tag="700" ind1=" " ind2=" ">
    <subfield code="a">Patrick R. Murray, Ken S. Rosenthal y Michael A. Pfaller.</subfield>
  </datafield>
  <datafield tag="942" ind1=" " ind2=" ">
    <subfield code="2">ddc</subfield>
    <subfield code="c">BK</subfield>
    <subfield code="n">0</subfield>
  </datafield>
  <datafield tag="952" ind1=" " ind2=" ">
    <subfield code="0">0</subfield>
    <subfield code="1">0</subfield>
    <subfield code="2">ddc</subfield>
    <subfield code="4">0</subfield>
    <subfield code="7">0</subfield>
    <subfield code="8">D04</subfield>
    <subfield code="a">ISUS</subfield>
    <subfield code="b">ISUS</subfield>
    <subfield code="c">Biblioteca Cerrada</subfield>
    <subfield code="d">2026-03-27</subfield>
    <subfield code="l">0</subfield>
    <subfield code="o">0788</subfield>
    <subfield code="p">BIQU0788</subfield>
    <subfield code="r">2026-03-27 10:24:39</subfield>
    <subfield code="t">1</subfield>
    <subfield code="w">2026-03-27</subfield>
    <subfield code="y">BK</subfield>
  </datafield>
  <datafield tag="999" ind1=" " ind2=" ">
    <subfield code="c">2031</subfield>
    <subfield code="d">2031</subfield>
  </datafield>
</record>
